| 000 | 01047nam a22003137a 4500 | ||
|---|---|---|---|
| 001 | 0064209 | ||
| 003 | KOHA_MİRAKIL | ||
| 005 | 20260207004456.0 | ||
| 007 | ta | ||
| 008 | 190304b1959 tu |||grb|||#0|||0|ara | | ||
| 040 |
_aTR-BiSEU _btur _cTR-BiSEU _erda |
||
| 041 | 0 | _aara | |
| 044 | _ctu | ||
| 050 |
_aBP144 _b.B57 1959 |
||
| 100 | 1 | _aBirdi, Cemaleddin Ebi'l Mehasin Yusuf b. Tegri. | |
| 245 | 1 | 3 |
_aed-Delilu'ş şafi ala'l minhali's safi/ _cCemaleddin Ebi'l Mehasin Yusuf b. Tegri Birdi ; Cemaleddin Ebi'l Mehasin Yusuf b. Tegri Birdi. |
| 264 | 1 |
_aKahire : _bDaru'l kutup ve'l vesa iki'l kavmiyye kahire _c1959 |
|
| 300 | _a1099 sayfa | ||
| 336 |
_ametin _btxt _2rdacontent |
||
| 337 |
_aaracısız _bn _2rdamedia |
||
| 338 |
_acilt _bnc _2rdacarrier |
||
| 650 | 0 |
_aBibliyografyalar. _9118623 |
|
| 650 | 0 |
_aİslam kültür ve medeniyeti tarihi. _988764 |
|
| 650 | 0 |
_aİslam Dini. _924696 |
|
| 650 | 0 |
_aTabakat kitapları. _9118624 |
|
| 650 | 0 |
_aŞahıs biyografyaları. _9118625 |
|
| 907 | _aBibliyografya | ||
| 942 |
_2lcc _cBK |
||
| 999 |
_c64005 _d64005 |
||